|
|
|
|
| LEADER |
00000nab a2200000 4500 |
| 001 |
vtls011877389 |
| 003 |
SK-MaSNL |
| 005 |
20260318115227.0 |
| 008 |
190716c2018 xo er|n || ||00 c0ukr |
| 015 |
|
|
|a SNBRB2019/07
|
| 038 |
|
|
|a SVKPOCL
|
| 040 |
|
|
|a SVKPOCL
|b slo
|c SVKPOCL
|e rda
|
| 041 |
0 |
|
|a ukr
|
| 043 |
|
|
|a e-xo---
|a e-gx---
|
| 044 |
|
|
|a xo
|c SK
|
| 072 |
|
7 |
|a 061.2
|x Nevládne organizácie a kooperácia
|2 konspekt
|
| 072 |
|
7 |
|a 316.7
|x Sociológia kultúry. Kultúrny život
|2 konspekt
|
| 080 |
|
|
|a 336.143:316.022.4
|2 2011
|
| 080 |
|
|
|a 316.022.4(437.6)
|2 2011
|
| 080 |
|
|
|a (437.6)
|2 2011
|
| 080 |
|
|
|a 061.2(437.6)
|2 2011
|
| 080 |
|
|
|a 316.022.4(=161.25)(437.6):061.2
|2 2011
|
| 080 |
|
|
|a (430)
|2 2011
|
| 080 |
|
|
|a 005.745:328.13
|2 2011
|
| 080 |
|
|
|a 328.13
|2 2011
|
| 100 |
1 |
|
|a Medviď, Peter,
|d 1981-
|4 aut
|9 268505
|
| 245 |
1 |
0 |
|a Narodnostnўj vўbor pidporyv FUEN. Rusynў bў maly maty vekšўj medialnўj prostor
|c Petro Medviď
|
| 246 |
3 |
3 |
|a Narodnostnŷj vŷbor pidporyv FUEN. Rusynŷ bŷ maly maty vekšŷj medialnŷj prostor
|
| 246 |
1 |
|
|i Ďalší názov:
|a Rusynў bў maly maty vekšўj medialnўj prostor
|
| 300 |
|
|
|b Fotografie
|
| 336 |
|
|
|a text
|b txt
|2 rdacontent
|
| 337 |
|
|
|a bez média
|b n
|2 rdamedia
|
| 338 |
|
|
|a zväzok
|b nc
|2 rdacarrier
|
| 500 |
|
|
|a V rubrike Z domova
|
| 500 |
|
|
|a FUEN pozri aj Federal Union of European Nationalities
|
| 500 |
|
|
|a Financovanie národnostých menšín od 1. januára 2018 prešlo z Úradu vlády pod Ministerstvo kultúry
|
| 600 |
1 |
7 |
|a Bukovszky, László,
|d 1966-
|2 svkpocl
|9 101992
|
| 600 |
1 |
7 |
|a Lovász, Attila,
|d 1963-
|2 svkpocl
|9 267232
|
| 600 |
1 |
7 |
|a Medviď, Peter,
|d 1981-
|2 svkpocl
|9 268505
|
| 600 |
1 |
7 |
|a Prékop, Mária
|2 svkpocl
|9 966783
|
| 610 |
2 |
7 |
|a Federal Union of European Nationalities (Flensburg, Nemecko)
|2 svkpocl
|9 1604749
|
| 610 |
1 |
7 |
|a Slovensko.
|b Vláda.
|b Rada pre ľudské práva, národnostné menšiny a rodovú rovnosť.
|b Úrad splnomocnenca vlády Slovenskej republiky pre národnostné menšiny.
|b Výbor pre národnostné menšiny a etnické skupiny
|2 SNKKA
|9 1300465
|
| 610 |
2 |
7 |
|a Rozhlas a televízia Slovenska
|2 SNKKA
|9 164243
|
| 610 |
1 |
7 |
|a Slovensko.
|b Ministerstvo kultúry
|2 SNKKA
|9 145780
|
| 610 |
2 |
7 |
|a Okrúhly stôl Rusínov Slovenska
|g (združenie)
|2 svkpocl
|9 1096305
|
| 610 |
2 |
7 |
|a Kultúra národnostných menšín
|g (dotačný program)
|f (2017)
|2 svkpocl
|9 1603819
|
| 610 |
2 |
7 |
|a Minority SafePack
|g (európska občianska iniciatíva)
|2 svkpocl
|9 1604750
|
| 648 |
|
7 |
|a 9.2.2018
|2 svkpocl
|9 1604751
|
| 650 |
0 |
7 |
|a stretnutia
|2 svkpocl
|9 877999
|
| 650 |
0 |
7 |
|a národnostné menšiny
|2 SNKPH
|9 2669
|
| 650 |
0 |
7 |
|a programy a projekty
|2 SNKPH
|9 82765
|
| 650 |
0 |
7 |
|a Rusíni
|2 SNKPH
|9 4087
|
| 650 |
0 |
7 |
|a kultúra národnostných menšín
|2 svkpocl
|9 394278
|
| 650 |
0 |
7 |
|a národnostné školstvo
|2 SNKPH
|9 71418
|
| 650 |
0 |
7 |
|a zasadania
|2 svkpocl
|9 284751
|
| 650 |
0 |
7 |
|a rozhlasové vysielanie
|2 SNKPH
|9 19400
|
| 650 |
0 |
7 |
|a rozpočtová politika
|2 SNKPH
|9 2274
|
| 650 |
0 |
7 |
|a štatutárne orgány spoločností
|2 SNKPH
|9 4626
|
| 650 |
0 |
7 |
|a IKATIKA (pilotný projekt inovatívnej výučby)
|2 svkpocl
|9 1604752
|
| 650 |
0 |
7 |
|a mimovládne organizácie
|2 SNKPH
|9 194400
|
| 651 |
|
7 |
|a Flensburg (Nemecko)
|2 svkpocl
|9 71603
|
| 651 |
|
7 |
|a Nemecko
|2 SNKPHgeo
|9 21020
|
| 651 |
|
7 |
|a Slovensko
|2 SNKPHgeo
|9 14231
|
| 773 |
0 |
|
|t NN info Rusyn
|g Roč. XV (27), č. 3 (2018), s. 6, 7
|x 2454-0013
|
| 852 |
|
|
|a SVKPO
|b KIS3GCP
|
| 856 |
4 |
2 |
|y Elektronický archív Info Rusyna je dostupný na: http://www.rusyn.sk
|
| 958 |
|
|
|a RN
|
| 958 |
|
|
|a SS
|
| 958 |
|
|
|a DE
|
| 958 |
|
|
|a SK
|
| 999 |
|
|
|c 3304921
|d 3306851
|